[Event "BCF-ch Atkins op"]
[Site "Hull"]
[Date "2024.07.27"]
[Round "3"]
[White "Pyun, Lindsay"]
[Black "Ward, Nicholas A"]
[Result "0-1"]
[WhiteElo "1800"]
[BlackElo "1985"]
[PlyCount "66"]
[EventDate "2024.07.26"]
[EventType "swiss"]
[EventRounds "5"]
[EventCountry "ENG"]
[SourceTitle "CBM 221 Extra"]
[Source "ChessBase"]
[SourceDate "2024.09.30"]
[SourceVersion "1"]
[SourceVersionDate "2024.09.30"]
[SourceQuality "1"]

1. e4 e6 2. d4 d5 3. exd5 exd5 4. Nf3 Bd6 5. Bd3 Ne7 6. 0-0 Nbc6 7. h3 Be6 8. Nc3 a6 9. a3 Qd7 10. Ne2 f6 11. b4 g5 12. Nh2 Rg8 13. Bb2 h5 14. Qd2 Bxh3 15. Qe3 Be6 16. f4 0-0-0 17. Rac1 Nf5 18. Qf2 Nce7 19. Rce1 g4 20. Ng3 h4 21. Nxf5 Nxf5 22. Bxf5 Bxf5 23. Qxh4 Rh8 24. Qg3 Be7 25. Re2 Rdg8 26. Rfe1 Be4 27. c4 f5 28. Qe3 Bf6 29. c5 g3 30. Nf3 Qh7 31. Kf1 Bxf3 32. gxf3 Qh1+ 33. Qg1 Qxf3+ 0-1

[Event "BCF-ch Atkins op"]
[Site "Hull"]
[Date "2024.07.26"]
[Round "1"]
[White "Walker, Jack"]
[Black "Ward, Nicholas A"]
[Result "1-0"]
[WhiteElo "1843"]
[BlackElo "1985"]
[PlyCount "59"]
[EventDate "2024.07.26"]
[EventType "swiss"]
[EventRounds "5"]
[EventCountry "ENG"]
[SourceTitle "CBM 221 Extra"]
[Source "ChessBase"]
[SourceDate "2024.09.30"]
[SourceVersion "1"]
[SourceVersionDate "2024.09.30"]
[SourceQuality "1"]

1. d4 e6 2. c4 d5 3. Nf3 Nf6 4. Nc3 Be7 5. Bf4 a6 6. c5 b6 7. cxb6 cxb6 8. e3 Nh5 9. Be5 f6 10. Bxb8 Rxb8 11. g4 b5 12. gxh5 b4 13. Ne2 Bd7 14. b3 0-0 15. Ng3 Qb6 16. Bd3 Bd6 17. 0-0 e5 18. e4 exd4 19. exd5 f5 20. Re1 Qd8 21. Bf1 f4 22. Ne4 Bc7 23. h3 Be8 24. Qxd4 Bb6 25. Qe5 Bd7 26. h6 Rf7 27. Neg5 Rf6 28. Qe7 Rg6 29. Qf7+ Kh8 30. Qxg6 1-0